Slovenské ženy a podnikanie
Salvato in:
| Autore principale: | |
|---|---|
| Natura: | Capitolo di libro |
| Lingua: | slovacco |
| Soggetti: | |
| Tags: |
Nessun Tag, puoi essere il primo ad aggiungerne!!
|
MARC
| LEADER | 00000naa$a2200000$$$4500 | ||
|---|---|---|---|
| 001 | 0023476 | ||
| 005 | 20230808081613.3 | ||
| 041 | 0 | |a slo | |
| 044 | |a SK | ||
| 245 | 1 | 0 | |a Slovenské ženy a podnikanie |c Katarína Kellenbergerová |
| 610 | 2 | 0 | |a podnikanie |
| 610 | 2 | 0 | |a podnikanie stredné |
| 610 | 2 | 0 | |a podnikanie malé |
| 610 | 2 | 0 | |a ženy |
| 610 | 2 | 0 | |a súťaže |
| 610 | 2 | 0 | |a Slovensko |
| 610 | 2 | 0 | |a 2004 |
| 100 | 1 | |a Kellenbergerová, Katarína | |